Online Catalogue and eLibrary

Yalppana Iracciyam (Record no. 4268)

MARC details
000 -LEADER
fixed length control field 00478nam a2200193Ia 4500
005 - DATE AND TIME OF LATEST TRANSACTION
control field 20250310051444.0
008 - FIXED-LENGTH DATA ELEMENTS--GENERAL INFORMATION
fixed length control field 240331s9999 xx 000 0 und d
082 ## - DDC Classification
Item Number - Author Mark SIT
DDC Edition Number 3011
Class No. 954.93
100 ## - MAIN ENTRY--PERSONAL NAME
Personal name Sitrampalan, S. K
245 #0 - TITLE STATEMENT
Title Yalppana Iracciyam
260 ## - PUBLICATION, DISTRIBUTION, ETC.
Place of publication, distribution, etc. Jaffna,
Name of publisher, distributor, etc. University of Jaffna Publication
Date of publication, distribution, etc. 1992
300 ## - PHYSICAL DESCRIPTION
Extent (e.g. Volumes, Pages etc.) lxvi, 416 p.,
650 ## - SUBJECT ADDED ENTRY--TOPICAL TERM
Topical term or geographic name entry element History
650 ## - SUBJECT ADDED ENTRY--TOPICAL TERM
Topical term or geographic name entry element Jaffna Kingdom
650 ## - SUBJECT ADDED ENTRY--TOPICAL TERM
Topical term or geographic name entry element Religion
650 ## - SUBJECT ADDED ENTRY--TOPICAL TERM
Topical term or geographic name entry element Culture
650 ## - SUBJECT ADDED ENTRY--TOPICAL TERM
Topical term or geographic name entry element Society
942 ## - Koha item type (Biblio)
Koha item type Books in Stacks (Lending)
Holdings
Lost status Damaged status Collection code Home library Current library Shelving location Date acquired Full call number Accession Number Item type
    Lending WERC Library WERC Library Social Science Cupboard 03/31/2024 954.93 SIT 3011 Books in Stacks (Lending)

© WERC Library